000 02095cam a2200421 i 4500
001 5981
003 FISKH
005 20250218100249.0
008 130706s2014 nyu d 000 1 eng
010 _a 2013022311
020 _a9781442426702 (hardback)
020 _a9781407149073
_c$15.00
020 _a9781442426719 (paperback)
020 _z9781442426726 (ebook)
040 _aDLC
_beng
_cDLC
_erda
_dDLC
050 _aPZ7.H18944 T
082 _a813.6
100 1 _aHan, Jenny,
_eauthor.
245 1 0 _aTo all the boys I've loved before /
_cJenny Han.
246 3 _aTo all the boys I have loved before
250 _aFirst Edition.
260 _aLondon :
_bScholastic,
_c2014.
300 _a422 pages :
_c20 cm
336 _atext
_2rdacontent
337 _aunmediated
_2rdamedia
338 _avolume
_2rdacarrier
500 _a"A Junior Library Guild selection"--Jkt. flap.
500 _aSequel: P.S. I still love you.
520 _a"Lara Jean writes love letters to all the boys she has loved and then hides them in a hatbox until one day those letters are accidentally sent"--
_cProvided by publisher.
520 _aLara Jean's love life goes from imaginary to out of control in this heartfelt novel from the "New York Times "bestselling author of The Summer I Turned Pretty series. What if all the crushes you ever had found out how you felt about them...all at once? Lara Jean Song keeps her love letters in a hatbox her mother gave her. They aren't love letters that anyone else wrote for her; these are ones she's written. One for every boy she's ever loved five in all. When she writes, she pours out her heart and soul and says all the things she would never say in real life, because her letters are for her eyes only. Until the day her secret letters are mailed, and suddenly, Lara Jean's love life goes from imaginary to out of control.
521 1 _aAges 12 up.
650 1 _aLove
_vFiction.
650 1 _aDating
_vFiction.
650 1 _aSisters
_vFiction.
906 _a7
_bcbc
_corignew
_d1
_eecip
_f20
_gy-gencatlg
942 _2ddc
_cBK
_n0
999 _c5981
_d5981